000 00658 a2200181 4500
003 Nust
005 20170207153213.0
040 _cNust
082 _a621.382
100 _aMehmood, Khalid (MSEE-6)
245 _aDecoding of error correcting codes using neural networks
_cKhalid Mehmood
260 _bMCS,NUST
_c2005
_aRawalpindi
300 _ax, 99, p.;
505 _aThesis introduction (page-1) Linear block codes (page-7) Convolutional codes (page-20) Artificial neural networks (page-330 Decoding block codes using neural networks (page-43) Results and discussion (page-65)
538 _aAlmirah No 69 Shelf No 1
650 _aPG Thesis
651 _aMSEE-6
942 _cTHS
999 _c181454
_d181454